[Event "ch-city A"]
[Site "Warszawa"]
[Date "2012.05.28"]
[Round "3.15"]
[White "Pastuszko, Kinga"]
[Black "Rozycki, Bartlomiej"]
[Result "0-1"]
[WhiteElo "1945"]
[BlackElo "1922"]
[PlyCount "80"]
[EventDate "2012.05.26"]
[EventType "swiss"]
[EventRounds "9"]
[EventCountry "POL"]

1. e4 e5 2. Nc3 Nf6 3. g3 c6 4. Bg2 Bd6 5. Nge2 Bc7 6. d4 d6 7. O-O O-O 8. f4
Nbd7 9. h3 Re8 10. a4 exd4 11. Nxd4 Nc5 12. Re1 Ba5 13. e5 Bxc3 14. bxc3 dxe5
15. fxe5 Nd5 16. Qf3 Be6 17. Bd2 Nb6 18. Nxe6 Rxe6 19. Rad1 Ncxa4 20. Kh2 Nb2
21. Rf1 Qc7 22. Rde1 N2c4 23. Bf4 Rae8 24. Qh5 g6 25. Qh4 Nd7 26. Bh6 Ncxe5 27.
Qf4 Ng4+ 28. Qxg4 Rxe1 29. Qd4 f6 30. Qc4+ R1e6 31. Bd5 Qe5 32. Bxe6+ Qxe6 33.
Qf4 Qe5 34. Qc4+ Re6 35. Rf2 Qd5 36. Qf1 g5 37. h4 Ne5 38. hxg5 Ng4+ 39. Kh3
Nxf2+ 40. Qxf2 Qh1+ 0-1

[Event "ch-city A"]
[Site "Warszawa"]
[Date "2012.05.28"]
[Round "3.16"]
[White "Spicak, Krzysztof"]
[Black "Gluszko, Monika"]
[Result "0-1"]
[WhiteElo "2009"]
[BlackElo "2057"]
[PlyCount "118"]
[EventDate "2012.05.26"]
[EventType "swiss"]
[EventRounds "9"]
[EventCountry "POL"]

1. d4 Nf6 2. c4 g6 3. Nc3 d5 4. cxd5 Nxd5 5. e4 Nxc3 6. bxc3 Bg7 7. Bc4 c5 8.
Be3 Nc6 9. Ne2 cxd4 10. cxd4 O-O 11. O-O Na5 12. Bd3 Bg4 13. f3 Be6 14. Qa4 a6
15. Rac1 b5 16. Qc2 Rc8 17. Qb1 Nc4 18. Kf2 Qa5 19. d5 Nxe3 20. Kxe3 Qb6+ 21.
Kd2 Bh6+ 22. f4 Bg4 23. Qb4 e5 24. g3 Rxc1 25. Rxc1 exf4 26. gxf4 Bxe2 27. Kxe2
Bxf4 28. Qc5 Qf6 29. Qf2 Qe5 30. Rc6 Rd8 31. Kf1 a5 32. Qb6 Qa1+ 33. Kg2 Rb8
34. Qxa5 Be3 35. Rc2 h5 36. Kf3 Bb6 37. Qd2 Qg1 38. Qf4 Ra8 39. Ke2 Qg2+ 40.
Kd1 Qg1+ 41. Ke2 Qg2+ 42. Kd1 Qh1+ 43. Qf1 Qxf1+ 44. Bxf1 Ra4 45. Bg2 Ba5 46.
Ke2 Rd4 47. e5 Kf8 48. Rc8+ Ke7 49. d6+ Ke6 50. Re8+ Kf5 51. Ke3 Bb6 52. Ke2
Kf4 53. Rb8 Ba5 54. Rxb5 Rd2+ 55. Kf1 Rxa2 56. Rxa5 Rxa5 57. d7 Ke3 58. Bc6
Ra1+ 59. Kg2 Rd1 0-1

[Event "ch-city A"]
[Site "Warszawa"]
[Date "2012.05.28"]
[Round "3.17"]
[White "Piotrowski, Arkadiusz"]
[Black "Kaliszewski, Tomasz"]
[Result "1-0"]
[WhiteElo "1959"]
[BlackElo "2020"]
[PlyCount "145"]
[EventDate "2012.05.26"]
[EventType "swiss"]
[EventRounds "9"]
[EventCountry "POL"]

1. e4 Nc6 2. Nf3 d6 3. d4 Bg4 4. Be2 e5 5. d5 Nce7 6. c4 Nf6 7. Nc3 g6 8. h3
Bd7 9. Bg5 Bg7 10. c5 O-O 11. cxd6 cxd6 12. Qb3 Rb8 13. Qa3 Nc8 14. b4 h6 15.
Be3 Nh5 16. g4 Nf4 17. Bf1 Kh8 18. O-O-O f5 19. Nh2 a6 20. f3 Qf6 21. Ne2 fxe4
22. fxe4 Ne7 23. Qb2 Rbc8+ 24. Kb1 Ba4 25. Rd2 Rc7 26. Bb6 Rcc8 27. Be3 Qf7 28.
Nxf4 exf4 29. Bd4 Bxd4 30. Qxd4+ Kh7 31. Nf3 Rfd8 32. h4 Kg8 33. g5 h5 34. Bh3
Bd7 35. Bxd7 Rxd7 36. Rhh2 Rdc7 37. Rc2 b5 38. Rxc7 Rxc7 39. Rc2 Nc8 40. Rxc7
Qxc7 41. Qf6 Kh7 42. Qxf4 Qc4 43. Qf7+ Kh8 44. Qf8+ Kh7 45. Qh6+ Kg8 46. Qxg6+
Kf8 47. Qf6+ Ke8 48. Qe6+ Ne7 49. Nd2 Qxb4+ 50. Kc1 Qc5+ 51. Kd1 Qg1+ 52. Kc2
Qc5+ 53. Kd3 Qa3+ 54. Ke2 Qg3 55. Kd1 Qxh4 56. Qxd6 Qxg5 57. Qb8+ Kf7 58. Qc7
Qg4+ 59. Kc2 Qc8 60. Qxc8 Nxc8 61. Nf3 Nb6 62. Kd3 Kf6 63. Kd4 Nd7 64. e5+ Ke7
65. Nh4 a5 66. Nf5+ Kd8 67. e6 Nf6 68. d6 b4 69. Kc4 h4 70. Nxh4 Ne8 71. Nf5
Nxd6+ 72. Nxd6 Ke7 73. Nb7 1-0

[Event "ch-city A"]
[Site "Warszawa"]
[Date "2012.05.28"]
[Round "3.18"]
[White "Suchocki, Tomasz"]
[Black "Eggink, Mateusz"]
[Result "0-1"]
[WhiteElo "1949"]
[BlackElo "2012"]
[PlyCount "104"]
[EventDate "2012.05.26"]
[EventType "swiss"]
[EventRounds "9"]
[EventCountry "POL"]

1. d4 Nf6 2. Nf3 d5 3. Bf4 e6 4. e3 c5 5. c3 Nc6 6. Nbd2 Be7 7. Bd3 O-O 8. Ne5
Nd7 9. Qh5 f5 10. Ndf3 Nf6 11. Qh3 c4 12. Bc2 Qe8 13. Ba4 Bd7 14. Nxd7 Nxd7 15.
Ne5 Ndxe5 16. Bxe5 a6 17. Qg3 Rf7 18. Bf4 b5 19. Bc2 Qd7 20. h4 Kh8 21. h5 Rg8
22. Kd2 a5 23. a3 Qb7 24. f3 $11 Qb6 25. Bc7 Qa7 26. Bd6 Bf6 27. Bc5 Qd7 28. f4
Qb7 29. Qf3 g5 30. hxg6 Rxg6 31. Rh3 Rfg7 32. g3 Be7 33. Bxe7 Nxe7 34. Bd1 Ng8
35. Qf2 Nf6 36. Bf3 Kg8 37. Kc2 Kf8 38. Rg1 Ke7 39. Qh2 b4 40. axb4 axb4 41.
cxb4 Qxb4 42. Qd2 Qb3+ 43. Kb1 Kd6 44. Qc3 Rb7 45. Qxb3 Rxb3 46. Re1 Rg8 47.
Bd1 Rd3 48. Kc1 Ra8 49. Bc2 Ra1+ 50. Bb1 Ne4 51. Re2 Rb3 52. Kc2 Rxb1 0-1

[Event "ch-city A"]
[Site "Warszawa"]
[Date "2012.05.29"]
[Round "4.1"]
[White "Leniart, Arkadiusz"]
[Black "Grabarczyk, Miroslaw"]
[Result "1/2-1/2"]
[WhiteElo "2458"]
[BlackElo "2445"]
[PlyCount "77"]
[EventDate "2012.05.26"]
[EventType "swiss"]
[EventRounds "9"]
[EventCountry "POL"]

1. e4 e5 2. Nf3 Nf6 3. Nxe5 d6 4. Nf3 Nxe4 5. Nc3 Nxc3 6. dxc3 Nc6 7. Be3 Be7
8. Qd2 Be6 9. O-O-O Qd7 10. Kb1 Bf6 11. Bg5 Qe7 12. Qf4 Bxg5 13. Nxg5 O-O-O 14.
Bb5 Ne5 15. Rhe1 a6 16. Bd3 Nxd3 17. cxd3 Kb8 $11 18. Re3 h6 19. Nxe6 fxe6 20.
Qg4 e5 21. f4 Rhf8 22. fxe5 dxe5 23. Qe2 Rf5 24. g4 Rg5 25. d4 Qf6 26. h4 Rg6
27. dxe5 Qxh4 28. e6 Re8 29. Re4 Rf6 30. e7 Rd6 31. Rxd6 cxd6 32. a4 Qf6 33.
Re6 Qf7 34. Qe4 Kc8 35. Qc4+ Kb8 36. Qe4 Kc8 37. Qc4+ Kb8 38. Qd5 Rxe7 39.
Qxd6+ $11 1/2-1/2

[Event "ch-city A"]
[Site "Warszawa"]
[Date "2012.05.29"]
[Round "4.2"]
[White "Strzemiecki, Zbigniew"]
[Black "Rudolf, Michal"]
[Result "1-0"]
[WhiteElo "2416"]
[BlackElo "2383"]
[PlyCount "89"]
[EventDate "2012.05.26"]
[EventType "swiss"]
[EventRounds "9"]
[EventCountry "POL"]

1. e4 e6 2. d4 d5 3. e5 c5 4. c3 Nc6 5. Nf3 Bd7 6. a3 Qb6 7. b4 cxd4 8. cxd4
Rc8 9. Bb2 Na5 10. Nbd2 Nc4 11. Bxc4 dxc4 12. Rc1 c3 13. Rxc3 Rxc3 14. Bxc3 Ne7
15. Nc4 Qc6 16. Nd6+ Kd8 17. Nxf7+ Kc7 18. Bd2 Qe4+ 19. Be3 Nd5 20. O-O Rg8 21.
Qd2 Be7 22. Bg5 Bxg5 23. N3xg5 Qg6 24. Nd6 Rf8 25. Nge4 Nf4 26. f3 Kb8 27. b5
b6 28. Kh1 h5 29. Rc1 h4 30. Qc2 Nd5 31. Nc5 Qxc2 32. Na6+ Ka8 33. Rxc2 h3 34.
Nc7+ Kb8 35. Nxd5 exd5 36. Rd2 Rf4 37. Rd3 hxg2+ 38. Kxg2 Rh4 39. Rd2 Rf4 40.
Kf2 g5 41. Ke3 Bh3 42. Rf2 Kc7 43. Ne8+ Kd7 44. Nf6+ Ke6 45. Rc2 1-0

[Event "ch-city A"]
[Site "Warszawa"]
[Date "2012.05.29"]
[Round "4.3"]
[White "Janczarski, Michal"]
[Black "Nurkiewicz, Maciej"]
[Result "1-0"]
[WhiteElo "2345"]
[BlackElo "2407"]
[PlyCount "89"]
[EventDate "2012.05.26"]
[EventType "swiss"]
[EventRounds "9"]
[EventCountry "POL"]

1. c4 Nf6 2. Nc3 g6 3. d4 Bg7 4. e4 d6 5. f4 O-O 6. Nf3 c5 7. dxc5 Qa5 8. Bd3
Qxc5 9. Qe2 Bg4 10. Be3 Qa5 11. O-O Nc6 12. Rac1 Nd7 13. Qf2 Bxf3 14. gxf3 Nc5
15. Bb1 Na4 16. Nxa4 Qxa4 17. Rfd1 b6 18. b3 Qa3 19. Kh1 Rac8 20. h4 Qb2 21.
Rc2 Qf6 22. h5 Bh6 23. Qh2 Qg7 24. Rcd2 Nd8 25. Rg1 e5 26. Rxd6 Ne6 27. Qh4
Rfd8 28. Rd5 Bxf4 29. Bf2 g5 30. Qg4 Qh6 31. Rgd1 Qf6 32. a3 Rb8 33. b4 Nd4 34.
Bxd4 exd4 35. Rf5 Qg7 36. c5 bxc5 37. Ba2 Rb7 38. bxc5 Kh8 39. c6 Rb2 40. Rxf4
Qe5 41. c7 Qxc7 42. Qxg5 Rxa2 43. Qf6+ Kg8 44. Rg1+ Kf8 45. Qg7+ 1-0

[Event "ch-city A"]
[Site "Warszawa"]
[Date "2012.05.29"]
[Round "4.4"]
[White "Sznapik, Aleksander"]
[Black "Deszczynski, Adam"]
[Result "1/2-1/2"]
[WhiteElo "2397"]
[BlackElo "2356"]
[PlyCount "85"]
[EventDate "2012.05.26"]
[EventType "swiss"]
[EventRounds "9"]
[EventCountry "POL"]

1. e4 c5 2. Nf3 d6 3. d4 cxd4 4. Nxd4 Nf6 5. Nc3 Nc6 6. f4 Bd7 7. Nf3 g6 8. Bd3
Bg7 9. O-O b5 10. Kh1 b4 11. Nd5 O-O 12. Ne3 Ng4 13. Nc4 f5 14. exf5 gxf5 15.
h3 Nf6 16. Be3 h6 17. Nh4 Qc8 18. Qf3 Be6 19. Nd2 Bd5 20. Qg3 e6 21. Rae1 Ne7
22. b3 Kh7 23. Qf2 Ne4 24. Bxe4 fxe4 25. Re2 a5 26. Kh2 a4 27. Rfe1 axb3 28.
axb3 Qc6 29. Nf1 Ra2 30. g4 Qc3 31. Ng3 Rc8 32. f5 Rxc2 33. fxe6 Rxe2 34. Rxe2
Rf8 35. Nhf5 Bxe6 36. Nxe4 Qxb3 37. Nexd6 Nxf5 38. gxf5 Be5+ 39. Bf4 Bxd6 40.
Bxd6 Rxf5 41. Qe3 Qxe3 42. Rxe3 Bd5 43. Bxb4 1/2-1/2

[Event "ch-city A"]
[Site "Warszawa"]
[Date "2012.05.29"]
[Round "4.5"]
[White "Gorecki, Andrzej"]
[Black "Szczepkowska Horowska, Karina"]
[Result "0-1"]
[WhiteElo "2102"]
[BlackElo "2387"]
[PlyCount "48"]
[EventDate "2012.05.26"]
[EventType "swiss"]
[EventRounds "9"]
[EventCountry "POL"]

1. d4 d6 2. c4 Nf6 3. Nc3 Nbd7 4. e4 e5 5. Nf3 Be7 6. Be2 O-O 7. O-O c6 8. Be3
a6 9. d5 cxd5 10. cxd5 b5 11. Nd2 Nb6 12. b4 Bd7 13. f3 Ne8 14. Nb3 Bg5 15. Bf2
Rc8 16. Be1 Nc4 17. Bxc4 bxc4 18. Na5 Qb6+ 19. Kh1 Qxb4 20. Nb1 Qc5 21. Qc2 f5
22. Bc3 fxe4 23. Qxe4 Bf5 24. Qe1 Qxd5 0-1

[Event "ch-city A"]
[Site "Warszawa"]
[Date "2012.05.29"]
[Round "4.6"]
[White "Liberadzki, Slawomir"]
[Black "Skawinski, Arkadiusz"]
[Result "0-1"]
[WhiteElo "2080"]
[BlackElo "2303"]
[PlyCount "126"]
[EventDate "2012.05.26"]
[EventType "swiss"]
[EventRounds "9"]
[EventCountry "POL"]

1. e4 e6 2. d4 d5 3. e5 c5 4. c3 Qb6 5. Nf3 Nc6 6. a3 Nh6 7. b4 cxd4 8. cxd4
Nf5 9. Bb2 Be7 10. Bd3 a5 11. Bxf5 exf5 12. Nc3 Be6 13. b5 a4 14. O-O Na5 15.
Nd2 Qxd4 16. Nxa4 Qd3 17. Rb1 O-O 18. Nb6 Rad8 19. Qa4 Qxd2 20. Rfd1 Qg5 21.
Qxa5 f4 22. f3 Bc5+ 23. Bd4 Bh3 24. Rb2 Qxe5 25. Bxc5 Qxb2 26. Qd2 Qxb5 27. Qd4
Be6 28. Bxf8 Kxf8 29. Nc4 Ra8 30. Nd6 Qc6 31. Qxf4 Ra4 32. Qe5 Rxa3 33. Nxb7
Qb6+ 34. Kh1 Ra8 35. Nd6 Qc7 36. Qg3 Ra6 37. Nb5 Qxg3 38. hxg3 Ra5 39. Nc3 Rc5
40. Rd3 d4 41. Ne4 Rd5 42. g4 f5 43. gxf5 Bxf5 44. Kh2 Ke7 45. Kg3 Ke6 46. Kf4
h6 47. Ra3 g5+ 48. Kg3 Bxe4 49. fxe4 Rd6 50. Kf3 d3 51. Ra1 d2 52. Rd1 Ke5 53.
Ke3 h5 54. Rxd2 Rxd2 55. Kxd2 Kxe4 56. Ke2 Kf4 57. Kf2 h4 58. Kg1 Kg3 59. Kh1
Kf2 60. Kh2 g4 61. Kh1 Kf1 62. Kh2 g3+ 63. Kh1 h3 0-1

[Event "ch-city A"]
[Site "Warszawa"]
[Date "2012.05.29"]
[Round "4.7"]
[White "Szewczyk, Mariusz"]
[Black "Cajbel, Maciej"]
[Result "1/2-1/2"]
[WhiteElo "1920"]
[BlackElo "2222"]
[PlyCount "76"]
[EventDate "2012.05.26"]
[EventType "swiss"]
[EventRounds "9"]
[EventCountry "POL"]

1. e4 c5 2. Nf3 g6 3. d4 Bg7 4. Nc3 cxd4 5. Nxd4 Nc6 6. Be3 Nf6 7. Bc4 O-O 8.
f3 Qb6 9. Qd2 Nxe4 10. fxe4 Bxd4 11. Bxd4 Qxd4 12. Qxd4 Nxd4 13. O-O-O Ne6 14.
Nd5 Re8 15. Rhf1 Rb8 16. Rf3 b5 17. Bb3 Bb7 18. Rdf1 Bxd5 19. exd5 Nc5 20. Rxf7
Rf8 21. Rxf8+ Rxf8 22. Rxf8+ Kxf8 23. c4 b4 24. Bc2 Kg7 25. Kd2 Kf6 26. Ke3 h6
27. Kd4 d6 28. h4 g5 29. g3 a5 30. b3 Nd7 31. Be4 Nc5 32. Bc2 $11 gxh4 33. gxh4
Kg7 34. Ke3 Kf7 35. Kf4 Kf6 36. h5 Nd7 37. Bf5 Nc5 38. Bc2 Nd7 1/2-1/2

[Event "ch-city A"]
[Site "Warszawa"]
[Date "2012.05.29"]
[Round "4.8"]
[White "Olejarczyk, Bogdan"]
[Black "Jarmula, Lukasz"]
[Result "1/2-1/2"]
[WhiteElo "2132"]
[BlackElo "2050"]
[PlyCount "83"]
[EventDate "2012.05.26"]
[EventType "swiss"]
[EventRounds "9"]
[EventCountry "POL"]

1. d4 g6 2. Nf3 Bg7 3. c3 d6 4. Bf4 Nd7 5. e4 e5 6. dxe5 dxe5 7. Bg3 Qe7 8.
Nbd2 Ngf6 9. Bc4 h6 10. Nh4 Nh5 11. Qc2 c6 12. a4 Nc5 13. O-O Ne6 14. Rfe1 Nhf4
15. Rad1 h5 16. Bf1 Bf6 17. Nhf3 h4 18. Bxf4 Nxf4 19. h3 Be6 20. Nc4 Bxc4 21.
Bxc4 O-O 22. Rd2 Rad8 23. Red1 Rxd2 24. Qxd2 Qc5 25. Bb3 Qb6 26. Qc2 Rd8 27.
Rxd8+ Qxd8 28. Bc4 Qd7 29. b4 Ne6 30. Qd2 Qe7 31. Qh6 Bg5 32. Nxg5 Qxg5 33.
Qxg5 Nxg5 34. f3 Kf8 35. Kf2 Ke7 36. a5 b6 37. axb6 axb6 38. Ke3 Ne6 39. Bf1
Nf4 40. Kd2 Kf6 41. Ke3 Ke7 42. Kd2 1/2-1/2

[Event "ch-city A"]
[Site "Warszawa"]
[Date "2012.05.29"]
[Round "4.9"]
[White "Zaczek, Jonathon"]
[Black "Alvarado, Carlos"]
[Result "1/2-1/2"]
[WhiteElo "2117"]
[BlackElo "2215"]
[PlyCount "92"]
[EventDate "2012.05.26"]
[EventType "swiss"]
[EventRounds "9"]
[EventCountry "POL"]

1. e4 c5 2. Nf3 Nc6 3. d4 cxd4 4. Nxd4 Qb6 5. Nf3 Nf6 6. Nc3 Ng4 7. Qd2 e6 8.
h3 Nge5 9. Nxe5 Nxe5 10. b3 a6 11. Bb2 Qc7 12. O-O-O f6 13. f4 Nc6 14. g3 Bb4
15. Bg2 b5 16. Qe3 O-O 17. e5 fxe5 18. fxe5 Bb7 19. Ne4 Ne7 20. Qd3 Nd5 21.
Rhf1 Be7 22. Kb1 Rxf1 23. Bxf1 b4 24. Nd6 Bxd6 25. exd6 Qxd6 26. Qd4 Qe7 27.
Bc4 Bc6 28. Bxd5 Bxd5 29. Qe5 Bc6 30. Rd4 Rf8 31. Rf4 Rxf4 32. Qxf4 h6 33. Be5
Qc5 34. Bd4 Qh5 35. Qe5 Qg6 36. Bc5 Be4 37. Kb2 Bxc2 38. Bxb4 Bb1 39. Qc3 Kh7
40. Bd6 Bd3 41. h4 Bf1 42. a4 Qf7 43. Qd4 Qf3 44. Ka3 Be2 45. Kb2 Bd1 46. Qc3
Qxc3+ 1/2-1/2

[Event "ch-city A"]
[Site "Warszawa"]
[Date "2012.05.29"]
[Round "4.10"]
[White "Sujkowski, Pawel"]
[Black "Jarmula, Pawel"]
[Result "0-1"]
[WhiteElo "1964"]
[BlackElo "2157"]
[PlyCount "72"]
[EventDate "2012.05.26"]
[EventType "swiss"]
[EventRounds "9"]
[EventCountry "POL"]

1. e4 e6 2. d4 d5 3. Nc3 Bb4 4. e5 c5 5. Bd2 Ne7 6. Nb5 Bxd2+ 7. Qxd2 O-O 8. f4
a6 9. Nd6 cxd4 10. Nf3 Nbc6 11. Bd3 f6 12. O-O Bd7 13. Nxb7 Qb6 14. Nd6 fxe5
15. Bxh7+ Kxh7 16. Ng5+ Kg8 17. Qd3 Nf5 18. Nxf5 Rxf5 19. Qh3 exf4 20. Qh7+ Kf8
21. Qh8+ Ke7 22. Qxg7+ Kd6 23. Nf7+ Kc7 24. Ng5 Re8 25. Kh1 Qb4 26. Nh3 e5 27.
Nf2 Qe7 28. Qg4 Rh8 29. Qe2 Qh4 30. Nh3 f3 31. Rxf3 Rxf3 32. Qxf3 Bxh3 33. gxh3
Qe4 34. Qxe4 dxe4 35. Kg2 e3 36. Rf1 Kd6 0-1

[Event "ch-city A"]
[Site "Warszawa"]
[Date "2012.05.29"]
[Round "4.11"]
[White "Rozycki, Bartlomiej"]
[Black "Pietocha, Pawel"]
[Result "0-1"]
[WhiteElo "1922"]
[BlackElo "2124"]
[PlyCount "78"]
[EventDate "2012.05.26"]
[EventType "swiss"]
[EventRounds "9"]
[EventCountry "POL"]

1. e4 e6 2. d4 d5 3. Nc3 Nf6 4. e5 Ne4 5. Nxe4 dxe4 6. Be3 c5 7. dxc5 Nd7 8. b4
b6 9. Qd4 bxc5 10. Qxe4 Rb8 11. b5 Bb7 12. Qa4 Nxe5 13. Bf4 Bd6 14. b6+ Bc6 15.
Bb5 O-O 16. Bxc6 Nxc6 17. bxa7 Nxa7 18. Bxd6 Qxd6 19. Ne2 Rfd8 20. O-O Nc6 21.
c3 Ra8 22. Qc2 Qd2 23. Rfc1 Rab8 24. Qe4 Ne7 25. a4 Rb2 26. Kf1 Nd5 27. g3 Nf6
28. Qf3 e5 29. a5 e4 30. Qe3 Qxe3 31. fxe3 Ng4 32. a6 Nxh2+ 33. Kg2 Rxe2+ 34.
Kh3 f5 35. a7 Ng4 36. Kh4 h6 37. Kh5 Rh2+ 38. Kg6 Rf8 39. a8=Q Ne5# 0-1

[Event "ch-city A"]
[Site "Warszawa"]
[Date "2012.05.29"]
[Round "4.12"]
[White "Adamski, Andrzej"]
[Black "Winiarski, Mikolaj"]
[Result "1-0"]
[WhiteElo "2268"]
[BlackElo "1955"]
[PlyCount "51"]
[EventDate "2012.05.26"]
[EventType "swiss"]
[EventRounds "9"]
[EventCountry "POL"]

1. e4 c5 2. Nf3 d6 3. b4 cxb4 4. d4 d5 5. exd5 Nf6 6. Ne5 Qxd5 7. Bc4 Qe4+ 8.
Be3 e6 9. O-O b6 10. Qe2 Bd6 11. Nd2 Qb7 12. f4 O-O 13. Rf3 Qc7 14. Rh3 Bb7 15.
Bd3 g6 16. Qf2 h5 17. Qg3 Bxe5 18. fxe5 Ng4 19. Rf1 Nc6 20. Rf4 Ne7 21. Rxg4
hxg4 22. Qxg4 f5 23. exf6 Rxf6 24. Bg5 Rf5 25. Bxe7 Qxe7 26. Qxg6+ 1-0

[Event "ch-city A"]
[Site "Warszawa"]
[Date "2012.05.29"]
[Round "4.13"]
[White "Eggink, Mateusz"]
[Black "Malec, Sebastian"]
[Result "0-1"]
[WhiteElo "2012"]
[BlackElo "2088"]
[PlyCount "102"]
[EventDate "2012.05.26"]
[EventType "swiss"]
[EventRounds "9"]
[EventCountry "POL"]

1. e4 c5 2. Nf3 e6 3. d4 cxd4 4. Nxd4 a6 5. c4 Nf6 6. Bd3 Nc6 7. Be3 Ne5 8. Nc3
Nfg4 9. Bc1 Qb6 10. Be2 Qa7 11. f4 Nc6 12. Nxc6 Qf2+ 13. Kd2 dxc6 14. Rf1 Qd4+
15. Kc2 Ne3+ 16. Bxe3 Qxe3 17. Rf3 Qa7 18. e5 Bd7 19. Rd3 b5 20. b3 Ba3 21. Qd2
bxc4 22. bxc4 c5 23. Ne4 Ba4+ 24. Rb3 O-O 25. Qa5 Bxb3+ 26. axb3 Bb4 27. Qa4 a5
28. Nd6 Qe7 29. Qc6 Rad8 30. Bf3 Qh4 31. Qe4 f6 32. Rd1 Qf2+ 33. Kb1 Bc3 34.
Qc2 Qxc2+ 35. Kxc2 Bd4 36. Bg4 f5 37. Bf3 g5 38. Nb7 gxf4 39. Nxd8 Rxd8 40. g4
Rf8 41. Re1 Kg7 42. gxf5 Rxf5 43. Bg4 Rg5 44. Bxe6 Rg2+ 45. Kd3 f3 46. Bd5 f2
47. Rf1 Rxh2 48. e6 Kf6 49. Ke2 Rh3 50. Rb1 Re3+ 51. Kd2 Re1 0-1

[Event "ch-city A"]
[Site "Warszawa"]
[Date "2012.05.29"]
[Round "4.14"]
[White "Guerrero Rodriguez, Alejandra"]
[Black "Kowalska, Elzbieta"]
[Result "1-0"]
[WhiteElo "2057"]
[BlackElo "1944"]
[PlyCount "75"]
[EventDate "2012.05.26"]
[EventType "swiss"]
[EventRounds "9"]
[EventCountry "POL"]

1. e4 c5 2. c3 Nc6 3. d4 cxd4 4. cxd4 d6 5. Nc3 g6 6. Nf3 Bg7 7. Bc4 Nf6 8. h3
O-O 9. Bb3 Na5 10. Bc2 Bd7 11. O-O Rc8 12. Qe2 a6 13. Rd1 b5 14. a3 e6 15. Bg5
Qc7 16. Rac1 Bc6 17. b4 Nc4 18. a4 Qb7 19. axb5 axb5 20. Bd3 d5 21. e5 Ne4 22.
Bxe4 dxe4 23. Nh2 h6 24. Bf6 Bxf6 25. exf6 Kh7 26. Ng4 g5 27. Re1 Nd6 28. Ne5
Bd5 29. Qh5 Rg8 30. Ne2 Rxc1 31. Rxc1 Rg6 32. Nxg6 fxg6 33. Qg4 Qf7 34. Qg3 Nc4
35. Ra1 Nb6 36. Qd6 Nc8 37. Qd8 Bb7 38. Rc1 1-0

[Event "ch-city A"]
[Site "Warszawa"]
[Date "2012.05.29"]
[Round "4.15"]
[White "Gluszko, Monika"]
[Black "Piotrowski, Arkadiusz"]
[Result "0-1"]
[WhiteElo "2057"]
[BlackElo "1959"]
[PlyCount "120"]
[EventDate "2012.05.26"]
[EventType "swiss"]
[EventRounds "9"]
[EventCountry "POL"]

1. e4 c6 2. d4 d5 3. e5 Bf5 4. Nc3 e6 5. g4 Bg6 6. Nge2 Bb4 7. Bg2 h6 8. h4 Nd7
9. Nf4 Ne7 10. Kf1 Ba5 11. Nxg6 Nxg6 12. g5 hxg5 13. Bxg5 Qb6 14. Rh3 f6 15.
exf6 gxf6 16. Qg4 O-O-O 17. Bxf6 Nxf6 18. Qxe6+ Nd7 19. Qxg6 Qxd4 20. h5 Bb6
21. Nd1 Rdg8 22. Qd3 Qg4 23. Qf3 Qe6 24. Ne3 Rf8 25. Qe2 Re8 26. Re1 Qf6 27. c3
Ne5 28. Ng4 Qf4 29. Nxe5 Rxe5 30. Rf3 Rxe2 31. Rxf4 Rxe1+ 32. Kxe1 Rxh5 33. Rf7
Bd8 34. f4 Rh6 35. Ke2 Rf6 36. Bh3+ Kb8 37. Rd7 Rf8 38. Kf3 a6 39. Rh7 Bg5 40.
f5 Bc1 41. b3 b5 42. Ke2 Bf4 43. Re7 Bg5 44. Re6 Kc7 45. Kf3 Rf6 46. Re2 Kd6
47. Kg4 Bc1 48. Rc2 Be3 49. Re2 Bc1 50. Bg2 a5 51. Bh3 Kc5 52. Rc2 Bh6 53. Re2
a4 54. bxa4 bxa4 55. Rb2 a3 56. Rb4 Bc1 57. Ra4 Kd6 58. Bf1 Ke5 59. c4 Rxf5 60.
cxd5 Rxf1 0-1

[Event "ch-city A"]
[Site "Warszawa"]
[Date "2012.05.29"]
[Round "4.16"]
[White "Kubeczko, Grzegorz"]
[Black "Lasota, Adam"]
[Result "1-0"]
[WhiteElo "2015"]
[BlackElo "1875"]
[PlyCount "117"]
[EventDate "2012.05.26"]
[EventType "swiss"]
[EventRounds "9"]
[EventCountry "POL"]

1. c4 c5 2. g3 g6 3. Bg2 Bg7 4. Nc3 Nc6 5. Nf3 Nf6 6. d4 cxd4 7. Nxd4 O-O 8. c5
a6 9. O-O Qc7 10. Nb3 Rd8 11. Bf4 d6 12. cxd6 exd6 13. Rc1 Be6 14. Qd2 Bxb3 15.
axb3 Qb6 16. Bg5 Ne7 17. Bd5 Qb4 18. Rc2 Rd7 19. Bg2 Qxb3 20. Rfc1 d5 21. Bh3
Rd6 22. Qf4 Rc6 23. Qe3 Kf8 24. Bd7 Rd6 25. Ba4 Qb4 26. Qf4 Qxf4 27. Bxf4 Rdd8
28. Bc7 Rdc8 29. Bd6 Rd8 30. Bc7 Rdc8 31. Bb6 Rc4 32. b3 Rcc8 33. b4 Nc6 34.
Bc5+ Kg8 35. Bb3 d4 36. Na4 Re8 37. Nb6 Rad8 38. Nc4 Bf8 39. Bb6 Rd7 40. Ba4
Bxb4 41. f4 Nd5 42. Bxc6 bxc6 43. Bxd4 c5 44. Ne5 Rc7 45. e4 Nf6 46. Nd3 a5 47.
Bxf6 Rxe4 48. Nxb4 axb4 49. Rxc5 Rxc5 50. Rxc5 Re8 51. Rb5 h6 52. Rxb4 g5 53.
f5 h5 54. Rd4 g4 55. Rd8 Rxd8 56. Bxd8 Kf8 57. Kf2 Ke8 58. Bf6 Kd7 59. Ke3 1-0

[Event "ch-city A"]
[Site "Warszawa"]
[Date "2012.05.29"]
[Round "4.17"]
[White "Gasik, Piotr"]
[Black "Pastuszko, Kinga"]
[Result "1-0"]
[WhiteElo "2124"]
[BlackElo "1945"]
[PlyCount "101"]
[EventDate "2012.05.26"]
[EventType "swiss"]
[EventRounds "9"]
[EventCountry "POL"]

1. c4 Nf6 2. Nc3 e6 3. e4 d5 4. e5 Nfd7 5. cxd5 Nxe5 6. d4 Ng6 7. dxe6 Bxe6 8.
d5 Bc8 9. Be3 Be7 10. Nf3 O-O 11. Be2 Nd7 12. O-O Nf6 13. h3 Bb4 14. Qb3 Bxc3
15. bxc3 Qxd5 16. Qb2 c5 17. Qb5 b6 18. Rfd1 Qb7 19. Rab1 Ne4 20. Rbc1 Be6 21.
c4 Rad8 22. Ng5 Rxd1+ 23. Bxd1 Nxg5 24. Bxg5 Bd7 25. Qb3 Bc6 26. Qg3 Re8 27.
Bc2 Qb8 28. Qg4 Qe5 29. h4 f6 30. Be3 Be4 31. Ba4 Bf5 32. Qd1 Rc8 33. h5 Ne7
34. g4 Be6 35. Qf3 Qc7 36. Bf4 Qd8 37. Qe4 Bxg4 38. Re1 Kf7 39. Qxh7 Bf5 40.
Rxe7+ Qxe7 41. Qxf5 Rd8 42. Qg6+ Kf8 43. h6 Qe1+ 44. Kg2 Ke7 45. h7 Qe2 46.
Qxg7+ Ke6 47. Be3 Qh5 48. Bc6 Kf5 49. Bd7+ Rxd7 50. Qxd7+ Ke4 51. Qd5+ 1-0

[Event "ch-city A"]
[Site "Warszawa"]
[Date "2012.05.29"]
[Round "4.18"]
[White "Kaliszewski, Tomasz"]
[Black "Spicak, Krzysztof"]
[Result "1-0"]
[WhiteElo "2020"]
[BlackElo "2009"]
[PlyCount "161"]
[EventDate "2012.05.26"]
[EventType "swiss"]
[EventRounds "9"]
[EventCountry "POL"]

1. e4 g6 2. d4 Bg7 3. Nc3 d6 4. f4 Nf6 5. Nf3 c6 6. Be2 O-O 7. O-O Bg4 8. Be3
d5 9. e5 Ne8 10. Kh1 e6 11. Qd2 Bxf3 12. Bxf3 f5 13. exf6 Bxf6 14. Bg4 Ng7 15.
Rae1 Qd6 16. Nd1 Nd7 17. Nf2 Nf5 18. Nd3 Bg7 19. Bg1 Rae8 20. c3 Nf6 21. Bf3
Nh4 22. Bd1 Ne4 23. Qe3 Nf5 24. Qh3 b6 25. Ne5 c5 26. Bc2 Nd2 27. Rf2 Nc4 28.
Nxc4 dxc4 29. dxc5 bxc5 30. Rfe2 Qxf4 31. Bxc5 Rf7 32. Ba4 Rc8 33. Bg1 e5 34.
b3 g5 35. Rf2 Qh4 36. Qxh4 Nxh4 37. Rxf7 Kxf7 38. Bxa7 Ra8 39. Be3 h6 40. Rf1+
Ke6 41. Bb5 cxb3 42. axb3 e4 43. Bc4+ Kd6 44. Rd1+ Kc7 45. Bd5 Ra2 46. c4 Re2
47. Bg1 Bc3 48. Bc5 Be5 49. Rg1 g4 50. b4 Nf3 51. Rd1 Nxh2 52. b5 e3 53. b6+
Kd8 54. Bf3+ Rd2 55. Bxe3 Rxd1+ 56. Bxd1 h5 57. Be2 Kc8 58. c5 Kb7 59. Bb5 g3
60. c6+ Kb8 61. c7+ Bxc7 62. bxc7+ Kxc7 63. Bf4+ Kb6 64. Bxg3 Ng4 65. Be2 Kc5
66. Bxg4 hxg4 67. Kg1 Kd4 68. Kf2 Ke4 69. Bc7 Kf5 70. Ke3 Kg6 71. Kf4 g3 72.
Kxg3 Kg5 73. Bd8+ Kg6 74. Kg4 Kg7 75. Kg5 Kf7 76. g4 Kg7 77. Kh5 Kh7 78. g5 Kg7
79. g6 Kh8 80. Kh6 Kg8 81. g7 1-0

[Event "ch-city A"]
[Site "Warszawa"]
[Date "2012.05.30"]
[Round "5.1"]
[White "Strzemiecki, Zbigniew"]
[Black "Leniart, Arkadiusz"]
[Result "1/2-1/2"]
[WhiteElo "2416"]
[BlackElo "2458"]
[PlyCount "29"]
[EventDate "2012.05.26"]
[EventType "swiss"]
[EventRounds "9"]
[EventCountry "POL"]

1. e4 c5 2. Nf3 e6 3. b3 Nc6 4. Bb2 d6 5. Bb5 Bd7 6. O-O Nf6 7. d3 Be7 8. Nbd2
O-O 9. a4 a6 10. Bxc6 Bxc6 11. a5 Nd7 12. Qe2 Bf6 13. Bxf6 Qxf6 14. Rfe1 Ne5
15. Nxe5 $11 1/2-1/2